Southville International School and Colleges
Your cart is empty.
  • Cart
  • Lists
    Public lists Eva Luna New books Lux_list list_1
    Your lists Log in to create your own lists
  • Log in to your account
  • Your cookies
  • Search history
Southville International School and Colleges
  • Advanced search
  • Recent comments
  • Most popular
  • Libraries

Log in to your account

Log in with GOOGLE


If you do not have an external account, but do have a local account, you can still log in:

  1. Home
  2. MARC view: Crossing the divide :
Normal view MARC view ISBD view

Crossing the divide : (Record no. 22416)

[ view plain ]
MARC details
000 -LEADER
fixed length control field 01092nam a2200241 a 4500
005 - DATE AND TIME OF LATEST TRANSACTION
control field 20140310183406.0
008 - FIXED-LENGTH DATA ELEMENTS--GENERAL INFORMATION
fixed length control field 121015s19uu xx 00 eng d
020 ## - INTERNATIONAL STANDARD BOOK NUMBER
International Standard Book Number 9781422118344
050 ## - LIBRARY OF CONGRESS CALL NUMBER
Classification number HM 1261
Item number .C758 2009
245 ## - TITLE STATEMENT
Title Crossing the divide :
Remainder of title intergroup leadership in a world of difference /
Statement of responsibility, etc Todd L. Pittinsky, editor.
260 ## - PUBLICATION, DISTRIBUTION, ETC. (IMPRINT)
Place of publication, distribution, etc Boston, Mass :
Name of publisher, distributor, etc Harvard Business Press,
Date of publication, distribution, etc 2009.
300 ## - PHYSICAL DESCRIPTION
Extent 259 p. :
Dimensions 24 cm.
440 ## - SERIES STATEMENT/ADDED ENTRY--TITLE
Title Leadership for the common good
500 ## - GENERAL NOTE
General note Includes bibliographical references and index
520 ## - SUMMARY, ETC.
Summary, etc Leaders can no longer just 'rally the troops'. Instead they must employ more positive means to span boundaries, affirm identity, cultivate trust, and collaborate productively. This work provides not only theoretical frameworks around these ideas, but practical tools and specific case studies as well.
521 ## - TARGET AUDIENCE NOTE
Target audience note
650 ## - SUBJECT ADDED ENTRY--TOPICAL TERM
Topical term or geographic name as entry element Leadership
650 ## - SUBJECT ADDED ENTRY--TOPICAL TERM
Topical term or geographic name as entry element Leadership
General subdivision Cross-cultural studies
650 ## - SUBJECT ADDED ENTRY--TOPICAL TERM
Topical term or geographic name as entry element Intergroup relations
650 ## - SUBJECT ADDED ENTRY--TOPICAL TERM
Topical term or geographic name as entry element Intergroup relations
General subdivision Cross-cultural studies
942 ## - ADDED ENTRY ELEMENTS (KOHA)
Koha item type Books
Source of classification or shelving scheme Library of Congress Classification
Call number prefix Foreign
Holdings
Withdrawn status Lost status Source of classification or shelving scheme Damaged status Home library Current library Shelving location Date acquired Total Checkouts Full call number Barcode Date last seen Copy number Price effective from Koha item type
    Library of Congress Classification   College Library College Library General Circulation Section 10/15/2012   HM 1261 .C758 2009 C16387 05/15/2018 1 10/10/2013 Books

Crossing the divide :

APA

(2009). Crossing the divide. Boston, Mass: Harvard Business Press.

Chicago

2009. Crossing the divide. Boston, Mass: Harvard Business Press.

Harvard

(2009). Crossing the divide. Boston, Mass: Harvard Business Press.

MLA

Crossing the divide. Boston, Mass: Harvard Business Press. 2009.

  • Place hold
  • Print
  • Cite
  • Add to your cart (remove)
  • Save record
    BIBTEX Dublin Core MARCXML MARC (non-Unicode/MARC-8) MARC (Unicode/UTF-8) MARC (Unicode/UTF-8, Standard) MODS (XML) RIS
  • More searches
    Search for this title in:
    Other Libraries (WorldCat) Other Databases (Google Scholar) Online Stores (Bookfinder.com) Open Library (openlibrary.org)

Exporting to Dublin Core...

SOUTHVILLE LIBRARY

Southville International School and Colleges Library

1281 Tropical Ave. Cor. Luxembourg St., BF Homes International, Las Pinas City

Tel. No. 8256374 / 252358 Loc. 117/146

Powered by Koha